000 00526nam a2200229 a 4500
001 nice12345678
003 IN_TiNIC
005 20260116012519.0
008 050524s0000 biha grp 000 0 urd
020 _a
_c3
082 0 0 _a297.82
_bAZH
100 _aAzhar, Syed Ali
245 _aFalsafa-E-Shahadat.
260 _aBihar
_bManager Islah
_c0000
300 _a160p
500 _aincludes index and biblioraphy
505 2 _aIndex
700 1 _aAzhar, Syed Ali
902 _bSRS
942 _cBK
999 _c7306
_d7306